Urze, a Fadazinha Violeta (Registo nº 1112)

Detalhes MARC
000 -Etiqueta do registo
Cabeçalho 00871nam0a2200289 i 4500
005 - Identificador da versão
Campo de controlo 20240822170444.0
010 ## - Número internacional normalizado dos livros (ISBN)
Número (ISBN) 9789722226301
021 ## - Número do Depósito Legal
Código do país PT
Número 253537/07
100 ## - Dados gerais de processamento
Dados gerais de processamento 20100507d20032007cd y0pory5003 ba
101 1# - Língua de publicação
Língua do texto, banda sonora, etc. Português
Língua do documento no original Inglês
102 ## - Pais de publicação ou produção
País de publicação Portugal
105 ## - Campo de dados codificados: livros
Dados codificados dos livros a z 001yy
106 ## - Campo de dados codificados: material textual
Dados codificados do material textual r
200 1# - Titulo e menção de responsabilidade
Título próprio Urze, a Fadazinha Violeta
Primeira menção de responsabilidade Daisy Meadows
Outras menções de responsabilidade il. Georgie Ripper
-- trad. Maria Isabel de Mendonça Soares
205 ## - Menção da edição
Menção da edição 1a ed.
210 ## - Publicação, Distribuição, etc. 
Lugar da edição, distribuição, etc. Lisboa
Nome do editor, distribuidor, etc. Editorial Verbo
Data da publicação, distribuição, etc. 2007
215 ## - Descrição física 
Indicação específica da natureza do documento e extensão da espécie p.
Outras indicações físicas il
Dimensões cm
225 2# - Colecção 
Título próprio da colecção A Magia do Arco-Íris
Indicação de volume 7
304 ## - Notas relativas a título e menção de responsabilidade 
Texto da nota Tít. orig.: Heather the Violet Fairy
606 ## - Nome comum usado como assunto
Número de registo de entrada de autoridade 0000985
Palavra de ordem Contos
Subdivisão de assunto Publicações Infantis
675 ## - Classificação Decimal Universal (CDU)
Notação 82-34
Edição BN
Língua da edição por
700 #1 - Nome de autor-pessoa física (responsabilidade principal)
Número de registo de entrada de autoridade 0001395
Palavra de ordem Meadows
Outra parte do nome não tomada para palavra de ordem Daisy
702 #1 - Nome de autor-pessoa física (responsabilidade secundária)
Número de registo de entrada de autoridade 0001397
Palavra de ordem Ripper
Outra parte do nome não tomada para palavra de ordem Georgie
Código de função Ilustrador / Técnico de desenho computorizado
Número de registo de entrada de autoridade 0000704
Palavra de ordem Soares
Outra parte do nome não tomada para palavra de ordem Maria Isabel de Mendonça
Datas 1922-
Código de função Tradutor
942 ## - Elementos de entrada adicionados (Koha)
Tipo de item no Koha Livro
Exemplares
Situação do levantamento Origin of item (home branch) (coded) Biblioteca de empréstimo Código de barras Cota Circulation type (not for loan) Tipo de documento Nota do exemplar Damaged status
  Biblioteca Escolar Eng. Nuno Mergulhão Biblioteca Escolar Eng. Nuno Mergulhão BENM2016 8EST MEA   Livro Sem mensagem